Magallanes : (Registro nro. 2712)

Detalles MARC
000 -LEADER
campo de control de longitud fija 00668nam a22002177a 4500
001 - NÚMERO DE CONTROL
campo de control 2712
003 - IDENTIFICADOR DE NÚMERO DE CONTROL
campo de control HMS
005 - FECHA Y HORA DE LA ÚLTIMA TRANSACCIÓN
campo de control 20250829142751.0
008 - DATOS DE LONGITUD FIJA--INFORMACIÓN GENERAL
campo de control de longitud fija 250829e1976 cl |||gr|||| 001 f spa
040 ## - FUENTE DE CATALOGACIÓN
Centro catalogador/agencia de origen hms
Lengua de catalogación spa
Centro/agencia transcriptor hms
082 04 - NÚMERO DE LA CLASIFICACIÓN DECIMAL DEWEY
Número de clasificación Ch863
Número de ítem C211
100 1# - ENTRADA PRINCIPAL--NOMBRE DE PERSONA
Nombre de persona Camus Riquelme, Francisco,
Fechas asociadas al nombre 1919-
Término indicativo de función/relación autor
9 (RLIN) 4103
245 10 - MENCIÓN DEL TÍTULO
Título Magallanes :
Resto del título tierra de pasiones y leyendas /
Mención de responsabilidad, etc. Francisco Camus Riquelme.
Medio [libro]
246 30 - FORMA VARIANTE DEL TITULO
Título propio/Titulo breve tierra de pasiones y leyendas
250 ## - MENCION DE EDICION
Mención de edición Octubre 1976
260 ## - PUBLICACIÓN, DISTRIBUCIÓN, ETC.
Lugar de publicación, distribución, etc. Santiago de Chile :
Nombre del editor, distribuidor, etc. Editora Minerva,
Fecha de publicación, distribución, etc. 1976
300 ## - DESCRIPCIÓN FÍSICA
Extensión 339 páginas :
Dimensiones 18 cm.
500 ## - NOTA GENERAL
Nota general Incluye índice
650 #7 - PUNTO DE ACCESO ADICIONAL DE MATERIA--TÉRMINO DE MATERIA
Término de materia o nombre geográfico como elemento de entrada Cuentos chilenos
9 (RLIN) 4104
942 ## - ELEMENTOS DE ENTRADA SECUNDARIOS (KOHA)
Fuente del sistema de clasificación o colocación Clasificación Decimal Dewey
Tipo de ítem Koha Colección General
Suprimir en OPAC No
Existencias
Estatus retirado Estado de pérdida Fuente del sistema de clasificación o colocación Estado de daño No para préstamo Colección Biblioteca de origen Biblioteca actual Ubicación en estantería Fecha de adquisición Fuente de adquisición Número de inventario Total de préstamos Signatura topográfica completa Código de barras Visto por última vez Copia número Precio de reemplazo Tipo de ítem Koha
    Clasificación Decimal Dewey     Colección Reserva Biblioteca Hospital Militar de Santiago Biblioteca Hospital Militar de Santiago Full Space 12/08/2003 Donación 001910   Ch863 C211 1976 001910 29/08/2025 c.1 29/08/2025 Colección Patrimonial


Biblioteca Hospital Militar de Santiago / Av. Alcalde Fernando Castillo Velasco 9100
Teléfono: 22 331 7229 / E-mail: biblioteca@hms.cl
Horarios de Atención
Lunes a Viernes de: 08:00 a 13:00 hrs / 14:00 a 17:00 hrs